[Event "2BLS 2223 SC Eppingen - SC Ötigheim"]
[Site "?"]
[Date "2022.10.22"]
[Round "1.1"]
[White "Bauer, Christian"]
[Black "Noe, Christopher"]
[Result "1-0"]
[WhiteElo "2616"]
[BlackElo "2503"]
[PlyCount "97"]
[EventDate "2022.??.??"]

1. e4 c6 2. Nf3 d5 3. d3 Qc7 4. Nc3 dxe4 5. dxe4 e5 6. Bc4 h6 7. O-O Nf6 8. a3 Nbd7 9. Qe2 Nc5 10. Be3 Ng4 11. Nh4 Be7 12. Qf3 Rf8 13. Bxc5 Bxc5 14. Rad1 Nf6 15. h3 Bd7 16. b4 Be7 17. Nf5 Bxf5 18. Qxf5 Rd8 19. Rxd8+ Bxd8 20. Rd1 g6 21. Qf3 Rh8 22. Qe3 b5 23. Bb3 Be7 24. a4 a6 25. axb5 axb5 26. Ra1 Kf8 27. Ra8+ Ne8 28. Qf3 Rh7 29. Na2 Qb7 30. Ra3 Bd8 31. Nc1 Bc7 32. Nd3 Bd6 33. Qe3 Bb8 34. Nc5 Qe7 35. Ra6 Kg7 36. Rxc6 Rh8 37. Qd3 Nf6 38. Qxb5 Rd8 39. Qe2 Nh5 40. Nd3 Ba7 41. Qf3 Rd7 42. g3 Qg5 43. Kg2 Bd4 44. c3 Ba7 45. Bd5 Qe7 46. b5 Nf6 47. b6 Bb8 48. c4 Rd6 49. c5 1-0

[Event "2BLS 2223 SC Eppingen - SC Ötigheim"]
[Site "?"]
[Date "2022.10.22"]
[Round "1.2"]
[White "Hacker, Jonas"]
[Black "Van den Doel, Erik"]
[Result "1/2-1/2"]
[WhiteElo "2461"]
[BlackElo "2582"]
[PlyCount "74"]
[EventDate "2022.??.??"]

1. e4 e5 2. Nf3 Nc6 3. Bc4 Bc5 4. c3 Nf6 5. d4 exd4 6. e5 d5 7. Bb5 Ne4 8. cxd4 Bb6 9. Nc3 O-O 10. Be3 Bg4 11. h3 Bh5 12. Qc2 Bg6 13. Qb3 Ne7 14. O-O c6 15. Bd3 Nd2 16. Nxd2 Bxd3 17. Rfe1 Bg6 18. Na4 Nf5 19. Nxb6 axb6 20. Nf3 b5 21. a4 Nxe3 22. Rxe3 Qa5 23. Ree1 b4 24. Nh4 Qb6 25. Qe3 Bc2 26. b3 h6 27. Rac1 Be4 28. f3 Bh7 29. f4 Qd8 30. Qf2 Be4 31. f5 g5 32. f6 gxh4 33. Qxh4 Kh7 34. Rxe4 dxe4 35. Qxe4+ Kh8 36. Qf4 Kh7 37. Qe4+ Kh8 1/2-1/2

[Event "2BLS 2223 SC Eppingen - SC Ötigheim"]
[Site "?"]
[Date "2022.10.22"]
[Round "1.3"]
[White "Lai, Hing Ting"]
[Black "Medvegy, Zoltan"]
[Result "1/2-1/2"]
[WhiteElo "2480"]
[BlackElo "2526"]
[PlyCount "28"]
[EventDate "2022.??.??"]

1. d4 Nf6 2. c4 e6 3. Nf3 d5 4. g3 dxc4 5. Bg2 Bb4+ 6. Bd2 a5 7. Qc2 c5 8. dxc5 Bxc5 9. Qxc4 Nbd7 10. O-O b6 11. Nc3 Bb7 12. Rad1 O-O 13. Qd3 Qe7 14. Ng5 Ne5 1/2-1/2

[Event "2BLS 2223 SC Eppingen - SC Ötigheim"]
[Site "?"]
[Date "2022.10.22"]
[Round "1.4"]
[White "Guliyev, Namig"]
[Black "Laurent-Paoli, Pierre"]
[Result "1/2-1/2"]
[WhiteElo "2542"]
[BlackElo "2488"]
[PlyCount "85"]
[EventDate "2022.??.??"]

1. e4 c5 2. Nf3 e6 3. d4 cxd4 4. Nxd4 Nf6 5. Nc3 Nc6 6. Ndb5 d6 7. Bf4 e5 8. Bg5 a6 9. Na3 b5 10. Bxf6 gxf6 11. Nd5 f5 12. c3 Bg7 13. exf5 Bxf5 14. Nc2 O-O 15. a4 Ne7 16. Nce3 Be6 17. Nxe7+ Qxe7 18. axb5 axb5 19. Rxa8 Rxa8 20. Bxb5 Qb7 21. c4 d5 22. cxd5 Qxb5 23. dxe6 fxe6 24. Qe2 Qb4+ 25. Qd2 Ra1+ 26. Nd1 Qe4+ 27. Kf1 Qc4+ 28. Ke1 Qe4+ 29. Kf1 Qc4+ 30. Ke1 Bf8 31. Qg5+ Kf7 32. Qh5+ Kf6 33. Qf3+ Kg7 34. Qg3+ Kf7 35. Qf3+ Kg7 36. Qg3+ Kf7 37. Qf3+ Ke8 38. Qh5+ Kd8 39. f4 Qxf4 40. Qf3 Bb4+ 41. Kf2 Bc5+ 42. Ke2 Rc1 43. Qxf4 1/2-1/2

[Event "2BLS 2223 SC Eppingen - SC Ötigheim"]
[Site "?"]
[Date "2022.10.22"]
[Round "1.5"]
[White "Cornette, Matthieu"]
[Black "Gibicar, Danijel"]
[Result "1-0"]
[WhiteElo "2572"]
[BlackElo "2291"]
[PlyCount "149"]
[EventDate "2022.??.??"]

1. e4 e6 2. d4 d5 3. e5 c5 4. c3 Nc6 5. Nf3 Nh6 6. Bd3 f6 7. O-O Nf7 8. Re1 f5 9. dxc5 Bxc5 10. b4 Bb6 11. b5 Ne7 12. Ba3 O-O 13. Qb3 Re8 14. c4 Ng6 15. Nbd2 dxc4 16. Nxc4 Ng5 17. Nxg5 Qxg5 18. Nxb6 axb6 19. Rad1 Nf4 20. Bf1 Qg4 21. Bc1 Nd5 22. Bc4 Ne7 23. Rd6 f4 24. f3 Qf5 25. Rxb6 Nd5 26. Rd6 b6 27. Bxd5 exd5 28. Bb2 Be6 29. Bd4 Rec8 30. Rc6 Qf7 31. Rec1 Qb7 32. R1c2 Kf7 33. Bxb6 Rxc6 34. Rxc6 Rc8 35. Qb4 Rxc6 36. bxc6 Qxc6 37. Qxf4+ Kg8 38. Be3 Qc3 39. h4 Qa1+ 40. Kh2 Qxa2 41. h5 Qc2 42. h6 Qf5 43. Qg3 g6 44. Bd2 Kf7 45. Qe1 g5 46. Qe3 g4 47. Qa7+ Bd7 48. f4 Kg6 49. Qb6+ Be6 50. Kg3 Kh5 51. Be3 Kg6 52. Qd6 Kh5 53. Qe7 Kg6 54. Bd2 Kh5 55. Kf2 Kg6 56. g3 Kh5 57. Qe8+ Bf7 58. Qf8 Kg6 59. Qd6+ Be6 60. Qc6 Kh5 61. Be3 Kg6 62. Ke2 Kh5 63. Kd2 Kg6 64. Kc3 Kh5 65. Qe8+ Bf7 66. Qf8 Kg6 67. Bd4 Be6 68. Qg7+ Kh5 69. Kb4 Qb1+ 70. Kc5 Qf5 71. Kd6 Bf7 72. Qf6 Qxf6+ 73. exf6 Kxh6 74. Ke7 Kg6 75. f5+ 1-0

[Event "2BLS 2223 SC Eppingen - SC Ötigheim"]
[Site "?"]
[Date "2022.10.22"]
[Round "1.6"]
[White "Cofmann, Veaceslav"]
[Black "Hopman, Pieter"]
[Result "1/2-1/2"]
[WhiteElo "2244"]
[BlackElo "2344"]
[PlyCount "73"]
[EventDate "2022.??.??"]

1. d4 Nf6 2. c4 e6 3. Nf3 Bb4+ 4. Bd2 c5 5. Bxb4 cxb4 6. Nbd2 O-O 7. g3 d6 8. Bg2 Nc6 9. O-O h6 10. e4 a5 11. d5 Ne5 12. Nxe5 dxe5 13. a3 Qe7 14. axb4 Qxb4 15. Qc2 Bd7 16. Nf3 exd5 17. Nxe5 dxc4 18. Nxd7 Nxd7 19. Ra4 Qb3 20. Rxc4 Qxc2 21. Rxc2 b5 22. Rd1 Ra7 23. Rd5 b4 24. Rb5 Rd8 25. Rd2 Rc8 26. Bh3 Rcc7 27. Rdd5 g6 28. e5 Kg7 29. Kg2 h5 30. Kf3 Nf8 31. Rxa5 Rxa5 32. Rxa5 Rc2 33. Ra2 Kg8 34. Ra8 Kg7 35. Ra7 Kg8 36. Ra8 Kg7 37. Ra7 1/2-1/2

[Event "2BLS 2223 SC Eppingen - SC Ötigheim"]
[Site "?"]
[Date "2022.10.22"]
[Round "1.7"]
[White "Daulyte-Cornette, Deimante"]
[Black "Mann, Christian"]
[Result "1/2-1/2"]
[WhiteElo "2354"]
[BlackElo "2392"]
[PlyCount "79"]
[EventDate "2022.??.??"]

1. e4 e6 2. d4 d5 3. e5 c5 4. c3 Nc6 5. Nf3 Nh6 6. Bd3 cxd4 7. Bxh6 gxh6 8. cxd4 Qb6 9. Qd2 Bd7 10. Be2 Bg7 11. Nc3 O-O 12. O-O f6 13. Na4 Qd8 14. Nc5 fxe5 15. Nxe5 Nxe5 16. dxe5 Bxe5 17. Qxh6 Bg7 18. Qe3 Qe7 19. Nxd7 Qxd7 20. Bg4 Rae8 21. Rae1 Rf6 22. Re2 Qf7 23. Qg3 e5 24. Rxe5 Rxe5 25. Qxe5 Rxf2 26. Qb8+ Qf8 27. Be6+ Kh8 28. Qxf8+ Rxf8 29. Rxf8+ Bxf8 30. Bxd5 b6 31. Kf2 a5 32. Kf3 Kg7 33. Kg4 Bc5 34. Kh5 h6 35. g4 Bd4 36. b3 Bc5 37. h4 Bd4 38. g5 hxg5 39. hxg5 Bc5 40. Kg4 1/2-1/2

[Event "2BLS 2223 SC Eppingen - SC Ötigheim"]
[Site "?"]
[Date "2022.10.22"]
[Round "1.8"]
[White "Hamid, Emran"]
[Black "Kuehn, Kolja"]
[Result "1/2-1/2"]
[WhiteElo "2206"]
[BlackElo "2118"]
[PlyCount "75"]
[EventDate "2022.??.??"]

1. e4 e5 2. Nf3 Nc6 3. Bc4 Bc5 4. c3 Nf6 5. d3 O-O 6. O-O d5 7. exd5 Nxd5 8. Re1 Bg4 9. Nbd2 Nb6 10. h3 Bh5 11. Bb3 Qxd3 12. Nxe5 Qf5 13. Nef3 Rad8 14. Qe2 Nd5 15. Qe4 Qd7 16. Qh4 Bg6 17. Nc4 Rfe8 18. Bf4 Nxf4 19. Qxf4 Rxe1+ 20. Rxe1 Rf8 21. Ba4 Qd3 22. b4 Bb6 23. Nxb6 cxb6 24. Qc7 Be4 25. Ne5 Nxe5 26. Qxe5 Bg6 27. Rd1 Qf5 28. Qxf5 Bxf5 29. Bb3 Re8 30. g4 Bc8 31. Bd5 Kf8 32. Bf3 Be6 33. Bxb7 Bxa2 34. Ba6 Be6 35. Kg2 Ke7 36. Kg3 Rd8 37. Rxd8 Kxd8 38. Kf4 1/2-1/2

[Event "2BLS 2223 Stuttgarter SF - OSG Baden-Ba"]
[Site "?"]
[Date "2022.10.22"]
[Round "1.1"]
[White "Gozzoli, Yannick"]
[Black "Neyman, Igor"]
[Result "1/2-1/2"]
[WhiteElo "2578"]
[BlackElo "2354"]
[PlyCount "106"]
[EventDate "2022.??.??"]

1. d4 Nf6 2. c4 e6 3. Nf3 d5 4. g3 Bb4+ 5. Bd2 Be7 6. Bg2 O-O 7. O-O c6 8. Bf4 Nbd7 9. Nbd2 Nh5 10. e3 Nxf4 11. exf4 b6 12. cxd5 cxd5 13. Re1 Bb7 14. Bf1 Rc8 15. Bd3 Nf6 16. Qe2 Bb4 17. a3 Bxd2 18. Qxd2 Qd6 19. Qb4 Rfd8 20. Ne5 a5 21. Qxd6 Rxd6 22. f5 g6 23. fxg6 hxg6 24. b4 Ne4 25. Rec1 Rdd8 26. bxa5 bxa5 27. Rab1 Nd6 28. Rc5 g5 29. Rb6 f6 30. Rxc8 Bxc8 31. Nc6 Rd7 32. Nxa5 Kf7 33. a4 Nc4 34. Bxc4 dxc4 35. Rc6 Bb7 36. Nxb7 Rxb7 37. Rxc4 Rb2 38. a5 Ra2 39. Rc5 Ke7 40. Rb5 Kd6 41. Rb6+ Kd5 42. a6 g4 43. Kg2 f5 44. Kf1 e5 45. dxe5 Kxe5 46. Kg2 Kd5 47. h4 gxh3+ 48. Kxh3 Kc5 49. Rf6 Rxf2 50. a7 Ra2 51. Rxf5+ Kd6 52. Rf7 Ke6 53. Rb7 Kf5 1/2-1/2

[Event "2BLS 2223 Stuttgarter SF - OSG Baden-Ba"]
[Site "?"]
[Date "2022.10.22"]
[Round "1.2"]
[White "Strunski, Andreas"]
[Black "Dann, Matthias"]
[Result "0-1"]
[WhiteElo "2325"]
[BlackElo "2462"]
[PlyCount "74"]
[EventDate "2022.??.??"]

1. d4 Nf6 2. c4 e6 3. Nc3 Bb4 4. Qc2 d6 5. Nf3 O-O 6. Bd2 c5 7. dxc5 Bxc5 8. Na4 Nc6 9. Rd1 e5 10. e3 Qe7 11. Be2 e4 12. Ng5 h6 13. Nh3 Bxh3 14. gxh3 Bb4 15. Bxb4 Nxb4 16. Qd2 d5 17. a3 Nd3+ 18. Bxd3 exd3 19. Qxd3 dxc4 20. Qxc4 Rac8 21. Qh4 Rc2 22. Rg1 Kh7 23. Qf4 Qe4 24. Qg3 g6 25. Nc3 Qf5 26. Rd2 Rc1+ 27. Rd1 Rxd1+ 28. Kxd1 Ne4 29. Nxe4 Qxe4 30. Qd6 Rc8 31. Rg4 Qf3+ 32. Kd2 Qxf2+ 33. Kd3 Qc2+ 34. Kd4 Qd2+ 35. Ke5 Re8+ 36. Kf6 Qxd6+ 37. Kxf7 Qf8# 0-1

[Event "2BLS 2223 Stuttgarter SF - OSG Baden-Ba"]
[Site "?"]
[Date "2022.10.22"]
[Round "1.3"]
[White "Martin, Julian"]
[Black "Schwarzburger, Lothar"]
[Result "1-0"]
[WhiteElo "2397"]
[BlackElo "2157"]
[PlyCount "71"]
[EventDate "2022.??.??"]

1. e4 c5 2. Nf3 d6 3. d4 cxd4 4. Nxd4 Nf6 5. Nc3 a6 6. h4 e5 7. Nb3 Qc7 8. Be2 b5 9. a4 b4 10. Nd5 Nxd5 11. exd5 Be7 12. a5 Bf5 13. Bd3 Bd7 14. Bg5 f6 15. Qh5+ Kd8 16. Be3 Be8 17. Qg4 Nd7 18. Qxb4 Rb8 19. Qc4 Bf7 20. O-O-O Qb7 21. Qxa6 Bxd5 22. Qxb7 Bxb7 23. f3 Kc7 24. Bc4 Ra8 25. Rd2 Rhb8 26. Rhd1 Bc6 27. Be6 Ba4 28. Bxd7 Bxd7 29. Bb6+ Kc6 30. Rd3 Rc8 31. Rc3+ Kb5 32. Rd5+ Ka6 33. Nc5+ Rxc5 34. Bxc5 Be6 35. Rxd6+ Bxd6 36. Bxd6 1-0

[Event "2BLS 2223 Stuttgarter SF - OSG Baden-Ba"]
[Site "?"]
[Date "2022.10.22"]
[Round "1.4"]
[White "Gabriel, Robert"]
[Black "Bellahcene, Bilel"]
[Result "0-1"]
[WhiteElo "2209"]
[BlackElo "2483"]
[PlyCount "100"]
[EventDate "2022.??.??"]

1. d4 Nf6 2. c4 e6 3. a3 b6 4. Nc3 Bb7 5. d5 Bd6 6. e4 O-O 7. f4 exd5 8. e5 Re8 9. cxd5 Bxe5 10. fxe5 Rxe5+ 11. Be2 Nxd5 12. Nxd5 Rxd5 13. Qb3 Na6 14. Bxa6 Qh4+ 15. Qg3 Qxg3+ 16. hxg3 Bxa6 17. Bf4 g5 18. Be3 Re8 19. Kf2 Rf5+ 20. Nf3 g4 21. Rae1 gxf3 22. Bf4 Re6 23. gxf3 Rc5 24. g4 d6 25. Rxe6 fxe6 26. Rh6 Rc2+ 27. Kg3 e5 28. Bg5 Bc4 29. Rh2 Rxh2 30. Kxh2 Kf7 31. Kg3 Ke6 32. f4 exf4+ 33. Kxf4 Bd3 34. Bh6 Kd5 35. Ke3 Bg6 36. Bg7 Kc4 37. g5 d5 38. Be5 c5 39. Bb8 d4+ 40. Kd2 a6 41. Ba7 Kb5 42. b3 Kc6 43. Bb8 b5 44. Ba7 Kd5 45. Bb6 c4 46. bxc4+ bxc4 47. a4 c3+ 48. Ke2 Kc4 49. Kd1 d3 50. a5 d2 0-1

[Event "2BLS 2223 Stuttgarter SF - OSG Baden-Ba"]
[Site "?"]
[Date "2022.10.22"]
[Round "1.5"]
[White "Schmider, Niklas"]
[Black "Forster, Lukas"]
[Result "1-0"]
[WhiteElo "2411"]
[BlackElo "1953"]
[PlyCount "55"]
[EventDate "2022.??.??"]

1. e4 c5 2. Nf3 d6 3. d4 cxd4 4. Nxd4 Nf6 5. Nc3 a6 6. Bg5 Nbd7 7. Qe2 h6 8. Bh4 g6 9. f4 e5 10. fxe5 dxe5 11. O-O-O Be7 12. Nb3 Qc7 13. Qf3 g5 14. Bg3 Nb6 15. Be2 Be6 16. Nd5 Nbxd5 17. exd5 Rc8 18. c3 g4 19. Qe3 Nxd5 20. Qxe5 Qxe5 21. Bxe5 O-O 22. Nd4 Ne3 23. Nxe6 fxe6 24. Rd4 Bg5 25. Kb1 Rc5 26. Re4 Rd5 27. Bd4 Nf5 28. Bc4 1-0

[Event "2BLS 2223 Stuttgarter SF - OSG Baden-Ba"]
[Site "?"]
[Date "2022.10.22"]
[Round "1.6"]
[White "Hofmann, Martin"]
[Black "Breder, Dennis"]
[Result "1/2-1/2"]
[WhiteElo "2214"]
[BlackElo "2450"]
[PlyCount "132"]
[EventDate "2022.??.??"]

1. Nf3 c5 2. c4 Nc6 3. d4 cxd4 4. Nxd4 Nf6 5. g3 e5 6. Nxc6 dxc6 7. Qxd8+ Kxd8 8. b3 Ne4 9. Ba3 Bxa3 10. Nxa3 a5 11. Bg2 Nc5 12. Kd2 Bf5 13. Kc3 Ke7 14. Nc2 Be4 15. f3 Bf5 16. Ne3 Be6 17. h4 h5 18. Raf1 Rh6 19. Bh3 Rg6 20. Rfg1 Rd8 21. g4 Rd4 22. Rd1 hxg4 23. Bxg4 Ne4+ 24. fxe4 Rxd1 25. Rxd1 Bxg4 26. Kd2 Be6 27. Rh1 Rg3 28. h5 Kd6 29. Nf5+ Bxf5 30. exf5 Ke7 31. h6 gxh6 32. Rxh6 a4 33. b4 Ra3 34. b5 Rxa2+ 35. Kd3 Ra3+ 36. Kd2 Ra2+ 37. Kd3 Ra3+ 38. Kd2 cxb5 39. cxb5 Ra2+ 40. Kd3 e4+ 41. Kxe4 Rxe2+ 42. Kd3 Re5 43. Rb6 Rxf5 44. Ke4 Rf1 45. Rxb7+ Kd6 46. Ra7 f5+ 47. Ke3 Ra1 48. Kd4 a3 49. Ra6+ Kc7 50. Kc3 f4 51. Kb3 Rb1+ 52. Ka2 Rxb5 53. Rf6 Rb4 54. Kxa3 Re4 55. Kb3 Kd7 56. Kc2 Ke7 57. Ra6 Rd4 58. Kc3 Rd5 59. Ra4 Rf5 60. Kd2 Kf6 61. Ke2 Kg5 62. Kf3 Rb5 63. Ra3 Rc5 64. Rb3 Kf5 65. Ra3 Re5 66. Rb3 Re3+ 1/2-1/2

[Event "2BLS 2223 Stuttgarter SF - OSG Baden-Ba"]
[Site "?"]
[Date "2022.10.22"]
[Round "1.7"]
[White "Trifan, Andrei Ioan"]
[Black "Weidel, Albrecht"]
[Result "1-0"]
[WhiteElo "2308"]
[BlackElo "2158"]
[PlyCount "87"]
[EventDate "2022.??.??"]

1. e4 c5 2. Nf3 e6 3. c4 Nc6 4. d4 cxd4 5. Nxd4 Nf6 6. Nc3 Bb4 7. Nxc6 dxc6 8. Qxd8+ Kxd8 9. e5 Nd7 10. Bf4 c5 11. O-O-O Bxc3 12. bxc3 b6 13. h4 Ke7 14. Rh3 Bb7 15. Rg3 Rag8 16. Be2 f6 17. exf6+ Nxf6 18. Be5 Ne4 19. Re3 Nf6 20. g4 Rd8 21. Re1 h6 22. Bd1 Rxd1+ 23. Rxd1 Nxg4 24. Bd6+ Kf6 25. Rg3 h5 26. Bf4 Ba6 27. Rd7 Bxc4 28. f3 Ne5 29. Bg5+ Kf5 30. Rxa7 Bd5 31. Bd2 Bxf3 32. Raxg7 Bg4 33. Rg5+ Kf6 34. c4 Nxc4 35. Bc3+ e5 36. Re3 Re8 37. Re4 b5 38. a4 Bf5 39. Rf4 Nd6 40. axb5 Ke6 41. Rf2 Rf8 42. b6 Rh8 43. b7 c4 44. Rxh5 1-0

[Event "2BLS 2223 Stuttgarter SF - OSG Baden-Ba"]
[Site "?"]
[Date "2022.10.22"]
[Round "1.8"]
[White "Leitherer, Johannes"]
[Black "Schmaltz, Roland"]
[Result "0-1"]
[WhiteElo "1835"]
[BlackElo "2456"]
[PlyCount "70"]
[EventDate "2022.??.??"]

1. e4 c5 2. Nf3 e6 3. d4 cxd4 4. Nxd4 Nc6 5. Nc3 Qc7 6. Be2 a6 7. O-O Nf6 8. Be3 Be7 9. f4 d6 10. a4 O-O 11. Kh1 Bd7 12. Nxc6 Bxc6 13. Bd3 Rad8 14. Qe1 Nd7 15. b4 Nf6 16. b5 axb5 17. axb5 Be8 18. Na4 Nd7 19. c4 Bf6 20. Ra3 Ra8 21. Rf2 Bh4 22. g3 Be7 23. Rfa2 d5 24. c5 dxe4 25. Bxe4 Nf6 26. b6 Qc8 27. Bg2 Bc6 28. Qg1 Rd8 29. Nb2 Rxa3 30. Rxa3 Ng4 31. Nd3 h5 32. Ne5 Bxg2+ 33. Kxg2 Nxe3+ 34. Qxe3 Bxc5 35. Qf3 Bxa3 0-1

[Event "2BLS 2223 SG Speyer-Schwegenheim - SF B"]
[Site "?"]
[Date "2022.10.22"]
[Round "1.1"]
[White "Kazakouski, Valery"]
[Black "Oleksiyenko, Mykhaylo"]
[Result "0-1"]
[WhiteElo "2538"]
[BlackElo "2592"]
[PlyCount "116"]
[EventDate "2022.??.??"]

1. d4 d5 2. c4 e6 3. Nf3 Nf6 4. Nc3 Nbd7 5. Bf4 dxc4 6. e3 Bd6 7. Bxc4 Bxf4 8. exf4 Nb6 9. Bb3 Nbd5 10. Qd2 Nxc3 11. Qxc3 Nd5 12. Qd2 O-O 13. O-O Qd6 14. Ne5 b6 15. Bc2 Ba6 16. Rfe1 f6 17. Nd3 Rad8 18. Rad1 Bc4 19. b3 Ba6 20. g3 Ne7 21. Nb4 Bb7 22. Be4 Bxe4 23. Rxe4 Nf5 24. Nc2 c5 25. Qe2 Rfe8 26. d5 Re7 27. Ne3 Nd4 28. Qf1 f5 29. Rxe6 Rxe6 30. dxe6 Qxe6 31. Qg2 g6 32. Qb7 Qc6 33. Qxc6 Nxc6 34. Rxd8+ Nxd8 35. Kf1 Kf7 36. Ke2 Ke6 37. Kd3 Nc6 38. Nc2 b5 39. h3 Kd5 40. Ne3+ Kd6 41. Nc2 Ne7 42. a3 Nd5 43. f3 Kc6 44. Kd2 a5 45. Kd3 Kd6 46. Kd2 Nb6 47. Kc3 a4 48. bxa4 Nxa4+ 49. Kd3 Nb6 50. Kc3 Nd5+ 51. Kd3 Kc6 52. h4 Kb6 53. Na1 Nf6 54. Ke3 Nh5 55. g4 Nf6 56. gxf5 gxf5 57. Nc2 Nd5+ 58. Kd2 Kc6 0-1

[Event "2BLS 2223 SG Speyer-Schwegenheim - SF B"]
[Site "?"]
[Date "2022.10.22"]
[Round "1.2"]
[White "Hera, Imre Jr."]
[Black "Rakotomaharo, Fy Antenaina"]
[Result "1/2-1/2"]
[WhiteElo "2560"]
[BlackElo "2483"]
[PlyCount "51"]
[EventDate "2022.??.??"]

1. c4 e6 2. Nc3 d5 3. d4 Bb4 4. cxd5 exd5 5. Nf3 Nf6 6. Bg5 h6 7. Bh4 O-O 8. e3 Bf5 9. Nd2 g5 10. Bg3 c5 11. a3 Ba5 12. dxc5 d4 13. exd4 Re8+ 14. Be2 Bxc3 15. bxc3 Nd5 16. Qb3 Bd3 17. Be5 Bxe2 18. Kxe2 Nc6 19. Rhd1 Nf4+ 20. Kf1 Nxe5 21. dxe5 Qd3+ 22. Kg1 Ne2+ 23. Kh1 Nxc3 24. Ne4 Qxe4 25. Qxc3 Qxe5 26. Qxe5 1/2-1/2

[Event "2BLS 2223 SG Speyer-Schwegenheim - SF B"]
[Site "?"]
[Date "2022.10.22"]
[Round "1.3"]
[White "Ikonnikov, Vyacheslav"]
[Black "Horvath, Adam"]
[Result "1-0"]
[WhiteElo "2480"]
[BlackElo "2511"]
[PlyCount "71"]
[EventDate "2022.??.??"]

1. d4 Nf6 2. Nf3 e6 3. c4 Bb4+ 4. Bd2 a5 5. g3 b6 6. Bg2 Bb7 7. O-O O-O 8. Bf4 Be7 9. Nc3 Ne4 10. Qc2 Nxc3 11. bxc3 Qc8 12. e4 d6 13. Rfe1 Nd7 14. Rad1 Re8 15. h4 a4 16. e5 dxe5 17. Bxe5 Ra5 18. Bf4 Bd6 19. Ng5 Nf8 20. Bxb7 Qxb7 21. Bxd6 cxd6 22. Ne4 Qc7 23. Rb1 Rc8 24. Rb4 d5 25. Nd2 dxc4 26. Nxc4 Ra6 27. Rc1 Nd7 28. Rxa4 Rxa4 29. Qxa4 Qxc4 30. Qxd7 h6 31. a4 Ra8 32. Qb7 Ra6 33. d5 exd5 34. Re1 Rxa4 35. Re8+ Kh7 36. Qxf7 1-0

[Event "2BLS 2223 SG Speyer-Schwegenheim - SF B"]
[Site "?"]
[Date "2022.10.22"]
[Round "1.4"]
[White "Kovacs, Gabor"]
[Black "Neuman, Petr"]
[Result "0-1"]
[WhiteElo "2419"]
[BlackElo "2387"]
[PlyCount "76"]
[EventDate "2022.??.??"]

1. c4 c6 2. Nf3 d5 3. e3 Nf6 4. b3 Bg4 5. Bb2 Nbd7 6. Be2 e6 7. O-O Bd6 8. cxd5 cxd5 9. Nd4 Bxe2 10. Qxe2 O-O 11. Nc3 a6 12. Rac1 Re8 13. Rc2 e5 14. Nf5 Bf8 15. d4 e4 16. f3 Nb6 17. Qf2 g6 18. Ng3 exf3 19. Qxf3 Bg7 20. e4 dxe4 21. Ncxe4 Nfd5 22. Qxf7+ Kh8 23. Re2 Qh4 24. Qxb7 Re7 25. Qc6 Rae8 26. Qc3 h6 27. Qc2 Nf4 28. Ree1 Nbd5 29. Qd2 Re6 30. Nc5 Re3 31. Rxe3 Nxe3 32. Re1 Qe7 33. Nf1 Nfxg2 34. Re2 Qg5 35. Kh1 Qd5 36. Kg1 Nf4 37. Rxe3 Rxe3 38. Nxe3 Qf3 0-1

[Event "2BLS 2223 SG Speyer-Schwegenheim - SF B"]
[Site "?"]
[Date "2022.10.22"]
[Round "1.5"]
[White "Razafindratsima, Timothe"]
[Black "Boguslawski, Oleg"]
[Result "1-0"]
[WhiteElo "2440"]
[BlackElo "2380"]
[PlyCount "67"]
[EventDate "2022.??.??"]

1. e4 e5 2. Nf3 Nc6 3. d4 exd4 4. Nxd4 Nf6 5. Nxc6 bxc6 6. e5 Qe7 7. Qe2 Nd5 8. h4 d6 9. c4 Nb6 10. exd6 cxd6 11. Be3 Be6 12. Nd2 Qb7 13. g3 c5 14. Rh2 Be7 15. Bg2 d5 16. b4 Rc8 17. Nb3 cxb4 18. Bxb6 Qxb6 19. Bxd5 Bxd5 20. cxd5 O-O 21. Kf1 Bf6 22. Rd1 Rfd8 23. g4 a5 24. Rh3 a4 25. Nc1 Bc3 26. Re3 h6 27. d6 Qc6 28. Qd3 Qh1+ 29. Ke2 Qxh4 30. Qe4 Rd7 31. a3 Qg5 32. Rd5 Qf6 33. axb4 a3 34. Rc5 1-0

[Event "2BLS 2223 SG Speyer-Schwegenheim - SF B"]
[Site "?"]
[Date "2022.10.22"]
[Round "1.6"]
[White "Bodrozic, Tomislav"]
[Black "Msellek, Ilyass"]
[Result "1/2-1/2"]
[WhiteElo "2354"]
[BlackElo "2403"]
[PlyCount "188"]
[EventDate "2022.??.??"]

1. e4 c5 2. Nf3 e6 3. g3 d5 4. exd5 exd5 5. d4 cxd4 6. Nxd4 Nc6 7. Bg2 Bc5 8. Nb3 Qe7+ 9. Qe2 Bb6 10. Be3 Bxe3 11. Qxe3 Qxe3+ 12. fxe3 Nf6 13. Nc3 Be6 14. O-O-O O-O-O 15. Nd4 h5 16. h3 Rh6 17. e4 Nxd4 18. Rxd4 dxe4 19. Rxd8+ Kxd8 20. Nxe4 Rg6 21. Nxf6 Rxf6 22. Bxb7 Rg6 23. Bf3 Rxg3 24. Bxh5 g6 25. Bg4 Bxg4 26. hxg4 Rxg4 27. Kd2 Kd7 28. Ke3 Rg2 29. Rc1 f5 30. b4 g5 31. Kf3 Rh2 32. Kg3 Rd2 33. Re1 Rxc2 34. Re5 f4+ 35. Kg4 Rg2+ 36. Kf3 Rg3+ 37. Kf2 Kd6 38. Ra5 g4 39. Rg5 Ke6 40. a4 Rf3+ 41. Kg2 Rg3+ 42. Kf2 Kf6 43. Rg8 Kf5 44. Rf8+ Ke4 45. Re8+ Kd3 46. Rg8 Kc4 47. b5 Kb4 48. Rg7 Kxa4 49. Rxa7+ Kxb5 50. Rg7 Kc4 51. Rg8 Kd3 52. Rg7 Rf3+ 53. Kg2 Ke2 54. Rxg4 Rf2+ 55. Kg1 Rf1+ 56. Kh2 Kf3 57. Rg8 Re1 58. Ra8 Kf2 59. Ra4 f3 60. Ra2+ Re2 61. Ra1 Re3 62. Rb1 Re8 63. Rb2+ Re2 64. Rb1 Ra2 65. Kh3 Rd2 66. Kh2 Rd6 67. Rb2+ Ke3 68. Rb3+ Rd3 69. Rb1 Ke2 70. Ra1 Rd6 71. Rb1 Rd1 72. Rb2+ Rd2 73. Rb1 Rd3 74. Ra1 Rd8 75. Ra2+ Ke3 76. Ra3+ Ke2 77. Ra2+ Rd2 78. Ra1 Kf2 79. Rb1 Rd3 80. Ra1 Ke2 81. Kg3 Rd2 82. Kh2 Ke3+ 83. Kg3 Rg2+ 84. Kh3 Re2 85. Kg3 Rg2+ 86. Kh3 Rd2 87. Kg3 Ke2 88. Kh2 Rd1 89. Ra2+ Ke3 90. Ra3+ Ke2 91. Ra2+ Rd2 92. Ra1 Kf2 93. Rb1 Ke3+ 94. Kg3 Rg2+ 1/2-1/2

[Event "2BLS 2223 SG Speyer-Schwegenheim - SF B"]
[Site "?"]
[Date "2022.10.22"]
[Round "1.7"]
[White "Gasthofer, Alexander"]
[Black "Csonka, Attila Istvan"]
[Result "1/2-1/2"]
[WhiteElo "2408"]
[BlackElo "2314"]
[PlyCount "31"]
[EventDate "2022.??.??"]

1. Nf3 Nc6 2. d4 d5 3. Bf4 Bf5 4. e3 e6 5. Be2 Bd6 6. Bg3 Nf6 7. Nbd2 O-O 8. O-O Bxg3 9. hxg3 Qd6 10. Nh4 Be4 11. Nhf3 e5 12. Nxe4 Nxe4 13. Nxe5 Nxe5 14. dxe5 Qxe5 15. Qd4 Qxd4 16. exd4 1/2-1/2

[Event "2BLS 2223 SG Speyer-Schwegenheim - SF B"]
[Site "?"]
[Date "2022.10.22"]
[Round "1.8"]
[White "Flierl, Pascal"]
[Black "Raps, Johannes"]
[Result "1/2-1/2"]
[WhiteElo "2193"]
[BlackElo "2109"]
[PlyCount "38"]
[EventDate "2022.??.??"]

1. e4 c5 2. Nc3 Nc6 3. f4 d6 4. Nf3 e6 5. Bb5 Bd7 6. O-O Be7 7. d4 cxd4 8. Nxd4 Nf6 9. Be3 Qc7 10. Qf3 O-O 11. Rad1 Rad8 12. h3 a6 13. Bd3 b5 14. Nb3 Nb4 15. a3 Nxd3 16. cxd3 Bc6 17. Qf2 Nd7 18. Rc1 Rc8 19. Ne2 Qd8 1/2-1/2

[Event "2BLS 2223 SV 1947 Walldorf - Heilbronne"]
[Site "?"]
[Date "2022.10.22"]
[Round "1.1"]
[White "Wenninger, Philipp"]
[Black "Aczel, Gergely"]
[Result "0-1"]
[WhiteElo "2388"]
[BlackElo "2477"]
[PlyCount "66"]
[EventDate "2022.??.??"]

1. c3 Nf6 2. d4 b6 3. Nf3 Bb7 4. Bg5 g6 5. Bxf6 exf6 6. g3 Bg7 7. Bg2 O-O 8. O-O f5 9. Nbd2 Re8 10. e3 d5 11. a4 a5 12. Rc1 c5 13. c4 Na6 14. b3 Rc8 15. Qc2 Nb4 16. Qb1 dxc4 17. bxc4 cxd4 18. exd4 Bxd4 19. Nxd4 Bxg2 20. Kxg2 Qxd4 21. Nb3 Qd7 22. Rfd1 Qxa4 23. c5 Qc6+ 24. Kg1 Rcd8 25. cxb6 Qxb6 26. Rxd8 Rxd8 27. Nc5 Rd5 28. Na4 Qd4 29. Nc3 Re5 30. Qb3 Nd3 31. Rf1 Re1 32. Nd1 Re2 33. h4 h5 0-1

[Event "2BLS 2223 SV 1947 Walldorf - Heilbronne"]
[Site "?"]
[Date "2022.10.22"]
[Round "1.2"]
[White "Gschnitzer, Adrian"]
[Black "Stijve, Theo"]
[Result "0-1"]
[WhiteElo "2438"]
[BlackElo "2356"]
[PlyCount "70"]
[EventDate "2022.??.??"]

1. e4 Nf6 2. e5 Nd5 3. c4 Nb6 4. d4 d6 5. exd6 cxd6 6. Nc3 g6 7. Be3 Bg7 8. Rc1 O-O 9. b3 d5 10. c5 Nc6 11. Nf3 Bg4 12. Be2 Nc8 13. O-O e6 14. Qd2 N8e7 15. Nh4 Bxe2 16. Nxe2 Re8 17. Rfe1 f6 18. f4 Qd7 19. Bf2 Bh6 20. Be3 Rf8 21. Rf1 Bg7 22. h3 Rae8 23. Rce1 e5 24. fxe5 fxe5 25. dxe5 Nxe5 26. Nd4 N7c6 27. Nb5 d4 28. Bh6 Qe7 29. Bxg7 Kxg7 30. Rxf8 Rxf8 31. Re4 Qxc5 32. Nc7 d3+ 33. Kh1 Qd6 34. Nb5 Rf1+ 35. Kh2 Nf3# 0-1